000 00631cam a22002413a 4500
001 4066
003 PGUSA
005 20140828083048.0
008 030501s2003||||xxu|||||s|||||000 | eng d
040 _aPGUSA
_beng
042 _adc
050 4 _aPS
050 4 _aSB
100 1 _aThoreau, Henry David,
_d1817-1862
245 1 0 _aWild Apples
_h[electronic resource] /
_cHenry David Thoreau
260 _bProject Gutenberg,
_c2003
506 _aPublic domain in the USA.
516 _aElectronic text
653 _aApples
830 0 _aProject Gutenberg
_v4066
856 4 0 _uhttp://www.gutenberg.org/ebooks/4066
942 _cEB
999 _c233395
_d233395